Hoopsafe beams to rectify subsidence damage in low-rise buildings. (Record no. 60895)
[ view plain ]
| 000 -LEADER | |
|---|---|
| fixed length control field | 00870cam a2200217 4500 |
| 001 - CONTROL NUMBER | |
| control field | ABS61190 |
| 008 - FIXED-LENGTH DATA ELEMENTS--GENERAL INFORMATION | |
| fixed length control field | 000000n1999 000 0 eng u |
| 035 ## - SYSTEM CONTROL NUMBER | |
| System control number | (Sirsi) u101782 |
| 100 ## - MAIN ENTRY--PERSONAL NAME | |
| Personal name | Webb, P. |
| 245 ## - TITLE STATEMENT | |
| Title | Hoopsafe beams to rectify subsidence damage in low-rise buildings. |
| 260 ## - PUBLICATION, DISTRIBUTION, ETC. | |
| Date of publication, distribution, etc. | 1999 |
| 490 ## - SERIES STATEMENT | |
| Series statement | Structural Survey |
| Volume/sequential designation | 17(2) 1999, 109-116(8) |
| 520 ## - SUMMARY, ETC. | |
| Summary, etc. | Examines the Hoopsafe system for restoring the structural integrity of low-rise residential property damaged by ground movement. The system uses a grid of post-tensioned concrete beams and is an cheap alternative to traditional underpinning. Case studies. References. |
| 650 ## - SUBJECT ADDED ENTRY--TOPICAL TERM | |
| Topical term or geographic name entry element | Insurance |
| 9 (RLIN) | 6249 |
| 650 ## - SUBJECT ADDED ENTRY--TOPICAL TERM | |
| Topical term or geographic name entry element | STRUCTURAL DEFECTS |
| 650 ## - SUBJECT ADDED ENTRY--TOPICAL TERM | |
| Topical term or geographic name entry element | SUBSIDENCE |
| 650 ## - SUBJECT ADDED ENTRY--TOPICAL TERM | |
| Topical term or geographic name entry element | UNDERPINNING |
| 650 ## - SUBJECT ADDED ENTRY--TOPICAL TERM | |
| Topical term or geographic name entry element | RESIDENTIAL PROPERTY |
| 9 (RLIN) | 6266 |
| 690 ## - LOCAL SUBJECT ADDED ENTRY--TOPICAL TERM (OCLC, RLIN) | |
| Topical term or geographic name as entry element | BUILT ENVIRONMENT-BUILDING INSPECTION |
| 942 ## - ADDED ENTRY ELEMENTS (KOHA) | |
| Suppress in OPAC | 0 |
| Withdrawn status | Lost status | Source of classification or shelving scheme | Damaged status | Not for loan | Home library | Current library | Shelving location | Date acquired | Total Checkouts | Full call number | Barcode | Date last seen | Copy number | Price effective from | Koha item type |
|---|---|---|---|---|---|---|---|---|---|---|---|---|---|---|---|
| Dewey Decimal Classification | London | London | Journal article | 11/11/1999 | ABS61190 | 101782-1001 | 06/08/2019 | 1 | 06/08/2019 | Journal article |